Online katalóg knižníc regiónu Turca

Ariela, malá morská víla (Record no. 21572)

MARC details
000 -LEADER
fixed length control field 01621nam a2200445 a 4500
001 - CONTROL NUMBER
control field 21572
003 - CONTROL NUMBER IDENTIFIER
control field VRT
005 - DATE AND TIME OF LATEST TRANSACTION
control field 20260305091447.0
008 - FIXED-LENGTH DATA ELEMENTS--GENERAL INFORMATION
fixed length control field 251113s1997 xo a ra slo
015 ## - NATIONAL BIBLIOGRAPHY NUMBER
National bibliography number SNBA1998/03-00936
020 ## - INTERNATIONAL STANDARD BOOK NUMBER
International Standard Book Number 8071348325
035 ## - SYSTEM CONTROL NUMBER
System control number SNK000266820
035 ## - SYSTEM CONTROL NUMBER
System control number urn:nbn:sk:snk-amkh2x
035 ## - SYSTEM CONTROL NUMBER
System control number urn:nbn:sk:snk-am008gb1
035 ## - SYSTEM CONTROL NUMBER
System control number AF57552A-78F4-4ED1-84B8-B193CCFDC3AF
039 #9 - LEVEL OF BIBLIOGRAPHIC CONTROL AND CODING DETAIL [OBSOLETE]
Level of rules in bibliographic description 202511131437
Level of effort used to assign nonsubject heading access points VLOAD
Level of effort used to assign subject headings 202511131350
Level of effort used to assign classification VLOAD
Level of effort used to assign subject headings 202402261739
Level of effort used to assign classification VLOAD
Level of effort used to assign subject headings 202211140950
Level of effort used to assign classification msnk115
040 ## - CATALOGING SOURCE
Original cataloging agency SNK
Language of cataloging slo
Transcribing agency SNK
Description conventions AACR2
041 1# - LANGUAGE CODE
Language code of text/sound track or separate title slo
Language code of original ger
044 ## - COUNTRY OF PUBLISHING/PRODUCING ENTITY CODE
MARC country code xo
ISO country code SK
080 ## - UNIVERSAL DECIMAL CLASSIFICATION NUMBER
Universal Decimal Classification number 820 (73)-3(087.5)
110 0# - MAIN ENTRY--CORPORATE NAME
Corporate name or jurisdiction name as entry element Walt Disney Enterprises
Relationship aut
-- ilu
245 10 - TITLE STATEMENT
Title Ariela, malá morská víla
Statement of responsibility, etc. Walt Disney ; [z nemeckého vydania preložila Valéria Malíková]
250 ## - EDITION STATEMENT
Edition statement 2. vyd.
260 ## - PUBLICATION, DISTRIBUTION, ETC.
Place of publication, distribution, etc. V Bratislave
Name of publisher, distributor, etc. Egmont Neografia
Date of publication, distribution, etc. 1997
300 ## - PHYSICAL DESCRIPTION
Extent 112 s.
Other physical details fareb. ilustr.
Dimensions 23 cm
490 1# - SERIES STATEMENT
Series statement Filmové príbehy
500 ## - GENERAL NOTE
General note Ilustr. na tit. strane
500 ## - GENERAL NOTE
General note Údaj o prekl. prevzatý z front.
655 #7 - INDEX TERM--GENRE/FORM
Genre/form data or focus term americké rozprávky
Source of term SNKPH
655 #7 - INDEX TERM--GENRE/FORM
Genre/form data or focus term autorské rozprávky
Source of term SNKPH
700 1# - ADDED ENTRY--PERSONAL NAME
Personal name Malíková, Valéria
Relationship trl
752 ## - ADDED ENTRY--HIERARCHICAL PLACE NAME
City Bratislava
830 #0 - SERIES ADDED ENTRY--UNIFORM TITLE
Uniform title Filmové príbehy
942 ## - ADDED ENTRY ELEMENTS (KOHA)
Source of classification or shelving scheme Dewey Decimal Classification
Koha item type Krásna literatúra pre deti
Suppress in OPAC No
949 ## - LOCAL PROCESSING INFORMATION (OCLC)
6 270001000000740
a svkbbB 30912
b svkbbm 614457
p 614457
949 ## - LOCAL PROCESSING INFORMATION (OCLC)
6 17A0112514
9 P60, <03>, [BOOK], {603}
a snkSC 94685
b snkKSP 12405/97
s 6100:20140925
949 ## - LOCAL PROCESSING INFORMATION (OCLC)
6 17A0112515
9 P60, <04>, [BOOK], {604}
a snkSC 94685 D1
b snkKSP 12406/97
s 6100:20140925
949 ## - LOCAL PROCESSING INFORMATION (OCLC)
6 273K0228853
a svkpoB 66354
b svkpo427941
Holdings
Stav vyradenia Strata Poškodenie Spôsob nadobudnutia Domovská knižnica Aktuálna knižnica Dátum nadobudnutia Total checkouts Čiarový kód exemplára Date last seen Typ exemplára
      Dar Obecná knižnica Turčianska Štiavnička Obecná knižnica Turčianska Štiavnička 05.03.2026   4738000255 05.03.2026 Krásna literatúra pre deti
Projekt je podporený Slovenskou asociáciou knižníc
Prevádzkuje Turčianska knižnica Martin 2026